[Event "Moncada Cup"]
[Site "Santiago de Cuba"]
[Date "2017.03.24"]
[Round "5.2"]
[White "Reyes Perez, Rafael"]
[Black "Badia Tardio, Adrian"]
[Result "0-1"]
[WhiteElo "1933"]
[BlackElo "1900"]
[PlyCount "46"]
[EventDate "2017.03.21"]
[EventType "swiss"]
[EventRounds "10"]
[EventCountry "CUB"]
[SourceTitle "EXT 2023"]
[Source "ChessBase"]
[SourceDate "2022.10.05"]
[SourceVersion "1"]
[SourceVersionDate "2022.10.05"]
[SourceQuality "1"]

1. e4 e5 2. Nf3 Nf6 3. Bc4 Nc6 4. d3 Be7 5. 0-0 d6 6. h3 0-0 7. c3 h6 8. Bb3 Re8 9. Re1 Bf8 10. Nbd2 Be6 11. Bc2 d5 12. Qe2 a5 13. Nf1 Bc5 14. g4 Nd7 15. Ng3 Nf8 16. Nf5 Ng6 17. Kh2 a4 18. Rg1 dxe4 19. dxe4 Nf4 20. Bxf4 exf4 21. Rad1 Qc8 22. Rg2 Bxa2 23. g5 Qxf5 0-1

[Event "Moncada Cup"]
[Site "Santiago de Cuba"]
[Date "2017.03.22"]
[Round "2.3"]
[White "Rodriguez Perez, Carlos"]
[Black "Badia Tardio, Adrian"]
[Result "1-0"]
[WhiteElo "1923"]
[BlackElo "1900"]
[PlyCount "64"]
[EventDate "2017.03.21"]
[EventType "swiss"]
[EventRounds "10"]
[EventCountry "CUB"]
[SourceTitle "EXT 2023"]
[Source "ChessBase"]
[SourceDate "2022.10.05"]
[SourceVersion "1"]
[SourceVersionDate "2022.10.05"]
[SourceQuality "1"]

1. e4 d5 2. exd5 Qxd5 3. Nf3 Bg4 4. Be2 Nf6 5. d4 e6 6. 0-0 Be7 7. c4 Qd8 8. Nc3 c6 9. h3 Bh5 10. Be3 Nbd7 11. d5 exd5 12. cxd5 cxd5 13. Nxd5 0-0 14. Qb3 Nxd5 15. Qxd5 Nf6 16. Qxb7 Rb8 17. Qxa7 Rxb2 18. Rfd1 Qa8 19. Qxa8 Rxa8 20. Bc4 Rc2 21. Bb3 Bxf3 22. gxf3 Rc7 23. Rac1 Rac8 24. Rxc7 Rxc7 25. Rd4 Nd7 26. Ra4 h6 27. Bf4 Rb7 28. Ra8+ Nf8 29. Bd5 Rb4 30. Be3 Rb5 31. Bb3 Rb7 32. Bd4 Rb5 1-0